000 00401nam a22001097a 4500
082 _a200
100 _aदेवदत्त पट्टनायक
_972325
245 _aअहिंसा हडप्‍पा सभ्‍यता पर 100 मनन
260 _aहरियाण
_bहार्परकॉलिंस पब्लिशिग
_c2025
650 _aधर्म
942 _cHIN
999 _c68665
_d68665